Miasta Polski - Nagła Smierć - Statystyki

Ogólne statystyki
  • Ten quiz został rozwiązany 530 razy
    182 od ostatniego zresetowania
  • Średni wynik to 15 z 20
Answers on the Grid
Answers color-coded by a green-red scale on the quiz's grid according to % correct below.
Kraków
Warszawa
Gdańsk
Łódź
Lublin
Bydgoszcz
Katowice
Szczecin
Annopol
Barlinek
Pszów
Poznań
Frampol
Nysa
Biala Podlaska
Wrocław
Białystok
Morąg
Terespol
Puck
Ołomuniec
Dzięki
Łombók
Moskwa
Ryga
Paryż
Łubeka
Kalińingrad
Gandawa
Łizbona
Murmańsk
Warna
Władywostok
Wilno
Miasto
Briańsk
 
Statystyki odpowiedzi
Odpowiedź % Poprawnych
Białystok
93%
Katowice
92%
Łódź
91%
Wrocław
91%
Gdańsk
90%
Poznań
90%
Warszawa
89%
Bydgoszcz
88%
Kraków
88%
Lublin
88%
Szczecin
87%
Biala Podlaska
82%
Nysa
72%
Puck
70%
Morąg
59%
Terespol
52%
Barlinek
46%
Pszów
42%
Annopol
39%
Frampol
39%
Nie znaleziono quizów pasujących do podanych kryteriów
Rozkład punktacji
Procent ludzi z każdym wynikiem
Percentyl według liczby udzielonych odpowiedzi
Twoja historia wyników
Nie rozwiązałeś tego quizu od ostatniego zresetowania